000 00576nam a2200205Ia 4500
003 OSt
005 20250131100751.0
008 210716s2006 xx 000 0 und d
020 _a9788183331173
040 _cAIMIT LIBRARY
041 _aeng
082 _a006.66
_21
_bLOTM
100 _aLotia, Manahar.
_9196525
245 _aModern IC :
_bdata and substitution manual /
_cBy Manahar Lotia.
250 _a3rd ed.
260 _aNew Delhi :
_bBPB Publications ,
_c2006.
300 _axv,783p. ;
_bHB
_c23 cm
650 _aNone
_9196526
942 _2ddc
_cBK
_e3rd
_k006.66 LOTM
999 _c189737
_d189737